000 00832nam a2200313Ia 4500
001 7906
003 IT-RoPAU
008 130308s9999 xx 000 0 und d
040 _aIT-RoPAU
040 _cIT-RoPAU
041 _aFRANCESE
100 _aBardeche Maurice
100 _gCodice Aut. SPICS: 10320
245 _aComment on tournait un film en 1900
245 _bIntelligence Du Cinematographe
250 _a2a ed.
260 _aPARIS
260 _bAujourd'Hui
260 _c1977 [1° Ed.:1946 - Ed.Ling.Originale:1946]
300 _a"3 p. (prefazione: no ; testo: 3 [pagine: 365-367])"
650 _aTEORICHE CINEMATOGRAFICHE
650 _eCodice materia Spics: 6805
700 _aBrasillach Robert
700 _gCodice Aut. SPICS: 10321
942 _cBK
957 _71
999 _c52014
_d52014
999 _bSI
999 _g1